000 01074nam a22002897a 4500
001 BR2013007899
003 BR-BrBNA
005 20230928104257.0
007 ta
008 230509b bl.||||| |||| 00| 0 por d
040 _aBR-BrBNA
_bpor
_cBiblioteca Nacional de Agricultura
041 _a(Por)
072 _aQ04
_b9410
090 _ 9410 BR2013007899
100 1 _aOliveira, M.C.P.P. de
110 1 _aUniversidade Federal de Minas Gerais, Belo Horizonte, MG (Brasil). Escola de Veterinária
_0Tese (Mestre em Medicina Veterinária)
_910868
245 1 _aEspectrofotometria no infravermelho por metodologia FTIR (Fourier Transform Infrared): validação da análise do teor de uréia e de outros pârametros de qualidade do leite
260 3 _aBelo Horizonte, MG (Brasil):
_c2011.
300 _a70 p.
500 _aBibliography p. 58-69; Summaries (Eng, Por); 15 illus.; 19 tables
650 _aLEITE
650 _aANÁLISE QUÍMICA
650 _aCOMPOSIÇÃO DE ALIMENTO
650 _aESPECTROMETRIA
909 _a202309
_bLucia
_c55
_dLucia Elande
942 _cBK
999 _c79047
_d79047